Welcome to CU Library Online Public Access Catalogue (OPAC)

Principles of sociology : (Record no. 4806)

MARC details
000 -LEADER
fixed length control field 01110cam a2200265 a 4500
001 - CONTROL NUMBER
control field 16125840
005 - DATE AND TIME OF LATEST TRANSACTION
control field 20250314155447.0
008 - FIXED-LENGTH DATA ELEMENTS--GENERAL INFORMATION
fixed length control field 100309s2009 oncac bs 001 0 eng d
020 ## - INTERNATIONAL STANDARD BOOK NUMBER
International Standard Book Number 9780195429824 (pbk.)
020 ## - INTERNATIONAL STANDARD BOOK NUMBER
International Standard Book Number 0195429826 (pbk.)
050 00 - LIBRARY OF CONGRESS CALL NUMBER
Classification number HM586
Item number .P75 2009
082 04 - DEWEY DECIMAL CLASSIFICATION NUMBER
Classification number 301
Edition information 22
245 00 - TITLE STATEMENT
Title Principles of sociology :
Remainder of title Canadian perspectives /
Statement of responsibility, etc. edited by Lorne Tepperman, James Curtis.
250 ## - EDITION STATEMENT
Edition statement 2nd ed.
260 ## - PUBLICATION, DISTRIBUTION, ETC.
Place of publication, distribution, etc. Don Mills, Ont. ;
-- New York :
Name of publisher, distributor, etc. Oxford University Press,
Date of publication, distribution, etc. 2009.
300 ## - PHYSICAL DESCRIPTION
Extent 1 v. (various pagings) :
Other physical details ill. (chiefly col.), col. ports. ;
Dimensions 28 cm.
650 #0 - SUBJECT ADDED ENTRY--TOPICAL TERM
Topical term or geographic name entry element Sociology
Form subdivision Textbooks.
650 #6 - SUBJECT ADDED ENTRY--TOPICAL TERM
Topical term or geographic name entry element Sociologie
Form subdivision Manuels d'enseignement supérieur.
700 1# - ADDED ENTRY--PERSONAL NAME
Personal name Curtis, James E.
700 1# - ADDED ENTRY--PERSONAL NAME
Personal name Tepperman, Lorne
856 42 - ELECTRONIC LOCATION AND ACCESS
Materials specified Contributor biographical information
Uniform Resource Identifier <a href="http://www.loc.gov/catdir/enhancements/fy1007/2010285599-b.html">http://www.loc.gov/catdir/enhancements/fy1007/2010285599-b.html</a>
856 42 - ELECTRONIC LOCATION AND ACCESS
Materials specified Publisher description
Uniform Resource Identifier <a href="http://www.loc.gov/catdir/enhancements/fy1007/2010285599-d.html">http://www.loc.gov/catdir/enhancements/fy1007/2010285599-d.html</a>
856 41 - ELECTRONIC LOCATION AND ACCESS
Materials specified Table of contents only
Uniform Resource Identifier <a href="http://www.loc.gov/catdir/enhancements/fy1007/2010285599-t.html">http://www.loc.gov/catdir/enhancements/fy1007/2010285599-t.html</a>
942 ## - ADDED ENTRY ELEMENTS (KOHA)
Source of classification or shelving scheme Library of Congress Classification
Koha item type Books
Edition 2nd Ed.
Suppress in OPAC No
999 ## -
-- 4806
-- 4806
Holdings
Withdrawn status Lost status Source of classification or shelving scheme Damaged status Not for loan Collection Home library Current library Shelving location Date acquired Total checkouts Full call number Barcode Date last seen Copy number Price effective from Koha item type
    Library of Congress Classification     Non-fiction Business Library (Miotso) Business Library (Miotso) General stacks 03/14/2025   HM586 .P75 2009 BSSM00001375 03/14/2025 1 03/14/2025 Books
© 2023-2024 Copyright: Central University Libraries. All Rights Reserved | Created by: Mahone Tech Office